Проблемы совершенствования хозяйственного механизма и управления в сфере услуг: сборник научных трудов

গ্রন্থ-পঞ্জীর বিবরন
সংস্থা লেখক: Научно-исследовательский институт планирования и нормативов
অন্যান্য লেখক: Певзнер А. Г. (редактор)
সংক্ষিপ্ত:Исключено из фонда НТБ ТПУ
ভাষা:রুশ
প্রকাশিত: Москва, НИИПИН, 1989
বিন্যাস: MixedMaterials গ্রন্থ
KOHA link:https://koha.lib.tpu.ru/cgi-bin/koha/opac-detail.pl?biblionumber=253605

MARC

LEADER 00000nam0a2200000 4500
001 253605
005 20231031214524.0
020 |a RU  |b 89-42591 
035 |a (RuTPU)RU\TPU\book\276002 
090 |a 253605 
100 |a 20140314d1989 k a0rusy5003 ca 
101 0 |a rus 
102 |a RU 
105 |a y z 001zy 
200 1 |a Проблемы совершенствования хозяйственного механизма и управления в сфере услуг  |e сборник научных трудов  |f Научно-исследовательский институт планирования и нормативов ; под ред. А. Г. Певзнера 
210 |a Москва  |c НИИПИН  |d 1989 
215 |a 80 с. 
333 |a Исключено из фонда НТБ ТПУ 
702 1 |a Певзнер  |b А. Г.  |4 340 
712 0 2 |a Научно-исследовательский институт планирования и нормативов 
801 0 |a RU  |b RuMRKP  |c 19960704  |g psbo 
801 1 |a RU  |b 63413507  |c 20140314 
801 2 |a RU  |b 63413507  |c 20220413  |g RCR 
942 |c BK